| 000 | 00435cam a2200181ua 4500 | ||
|---|---|---|---|
| 001 | 8121 | ||
| 008 | 150109n ii |||gr||||Z||||||hin | ||
| 040 | _cMAIN | ||
| 041 | _ahin | ||
| 082 | _a294.5 | ||
| 100 |
_aSingh, Y. P., _eEditor. |
||
| 245 |
_aVinay patrika _cEdited by Yugendra Pratap Singh |
||
| 250 | _a1st. | ||
| 260 |
_aIlahabad: _bLokbharati, _c1998. |
||
| 300 | _a334p. | ||
| 653 | _aReligions ofIndic origin | ||
| 942 | _cBK | ||
| 999 |
_c7236 _d7236 |
||